Central Library OPAC University of Rajshahi
Normal view MARC view

Entry Personal Name

Number of records used in: 2

001 - CONTROL NUMBER

  • control field: 12388

003 - CONTROL NUMBER IDENTIFIER

  • control field: BD-RjUL

005 - DATE AND TIME OF LATEST TRANSACTION

  • control field: 20240318125317.0

008 - FIXED-LENGTH DATA ELEMENTS

  • fixed length control field: 240318|| aca||aabn | a|a d

040 ## - CATALOGING SOURCE

  • Original cataloging agency: BD-RjUL
  • Transcribing agency: BD-RjUL

100 ## - HEADING--PERSONAL NAME

  • Personal name: ندوي، سيد سليمان،
  • Dates associated with a name: توفي 1953

670 ## - SOURCE DATA FOUND

  • Source citation: Work cat.: (BD-RjUL)83382: شبلي، محمد نعماني،Shibli, Muhammad Nomani, 1858-1914 12387, انتخابات شبلى :aintikhabat shibli /, ١٣٦٩هج ١٩٥٠[م].